| 000 | 01048cam a22003377a 4500 | ||
|---|---|---|---|
| 003 | CHAP | ||
| 005 | 20220329134013.0 | ||
| 008 | 971013s1942 r 00010 d | ||
| 010 | _a13920 | ||
| 011 | _a14892 | ||
| 035 | _a18966 | ||
| 040 | _cCHAP | ||
| 090 | _aTesis | ||
| 100 | 0 | 0 |
_aHernández, Alfonso Porfirio. _954767 |
| 245 | 1 | 3 | _aLa cebada malta en México |
| 260 |
_aMazatlan, Sin. : _bEl Autor, _c1942 |
||
| 300 |
_a(s.p.) _b: ilus. |
||
| 502 | _aTesis (Ing. Agrónomo) -- ENA. Esp. en Economía Rural | ||
| 590 |
_aALEPH _b10 _c20130110 _lUCH01 _h1234 |
||
| 590 |
_aBATCH-UPD _b10 _c20130110 _lUCH01 _h1517 |
||
| 590 |
_aBATCH-UPD _b10 _c20130410 _lUCH01 _h0931 |
||
| 590 |
_aBATCH-UPD _b10 _c20130914 _lUCH01 _h0902 |
||
| 590 |
_aCONVERSION _b10 _c20130109 _lUCH01 _h1309 |
||
| 650 | 1 | 4 |
_aCebada. _920652 |
| 901 | _aBK | ||
| 942 | _cFOLL | ||
| 949 |
_bBC _cTES _d-44099 _eTS1 _i18966 _si |
||
| 949 |
_bBC _cTES _d-44100 _eTS2 _fc.2 _i18966 _si |
||
| 949 |
_bBC _cTES _d-44101 _eTS2 _fc.3 _i18966 _si |
||
| 949 |
_bBC _cTES _d-44102 _eTS2 _fc.4 _i18966 _si |
||
| 999 |
_c13920 _d13920 |
||